书目信息 |
| 题名: |
刑事鉴定的理论和实践
|
|
| 作者: | 上野正吉 著 ;徐益初 , 肖贤福 译 | |
| 分册: | ||
| 出版信息: | 北京 群众出版社 1986 |
|
| 页数: | 331页 | |
| 开本: | 20cm | |
| 丛书名: | ||
| 单 册: | ||
| 中图分类: | D918 , D915.2 | |
| 科图分类: | ||
| 主题词: | 刑事犯罪--鉴定 , 法学--部门 | |
| 电子资源: | ||
| ISBN: | ||
| 000 | 00831nam0 2200301 45 | |
| 001 | 0186019976 | |
| 005 | 20040506095424.0 | |
| 010 | @dCNY2.15 | |
| 091 | @a6067.102 | |
| 100 | @a19900802d1986 em y0chiy0121 ea | |
| 101 | 1 | @achi@cjpn |
| 102 | @aCN@b110000 | |
| 105 | @ay z 000yy | |
| 106 | @ar | |
| 200 | 10 | @a刑事鉴定的理论和实践@Axing shi jian ding de li lun he shi jian@f(日)上野正吉著@g徐益初, 肖贤福译 |
| 210 | @a北京@c群众出版社@d1986 | |
| 215 | @a331页@d20cm | |
| 606 | @a刑事犯罪@x鉴定 | |
| 606 | 0 | @a法学@x部门 |
| 610 | 0 | @a刑事鉴定 |
| 690 | @aD918@v3 | |
| 690 | @aD915.2 | |
| 701 | 0 | @a上野正吉@Ashang ye zheng ji@4著 |
| 702 | 0 | @a徐益初@Axu yi chu@4译 |
| 702 | 0 | @a肖贤福@Axiao xian fu@4译 |
| 801 | 0 | @aCN@b深圳图书馆@c20040506 |
| 801 | 2 | @aCN@bNLC@c20040506 |
| 905 | @f1@b167799@dD915.2@e105 | |
| 刑事鉴定的理论和实践/(日)上野正吉著/徐益初, 肖贤福译.-北京:群众出版社,1986 |
| 331页;20cm |
| ISBN :CNY2.15 |
| ● |
| 相关链接 |
|
|
|
|
正题名:刑事鉴定的理论和实践
索取号:D915.2/105
 
预约/预借
| 序号 | 登录号 | 条形码 | 馆藏地/架位号 | 状态 | 备注 |
| 1 | 0167799 | 000367524 | 第一借阅区/ [索取号:D915.2/105] | 在馆 | |
| 2 | 0167800 | 000367533 | 第一样本阅览室/ [索取号:D915.2/105] | 在馆 |